000 00739nam a2200265 i 4500
001 C2-0130936
003 PPAK
005 20180727122042.0
008 971008s1992 enka|||| ||||| | eng d
020 _a0435272160
040 _aPPAK
_beng
_cPPAK
_erda
082 0 4 _a428.6
_223
090 0 0 _a428.6
_bHIL
_dK
100 1 _aHill,D.R.,
_eauthor
245 1 2 _aA marriage of convenience and other stories
264 1 _aOxford :
_bHeinemann ,
_c1992
300 _a83 pages :
_billustrations ;
_c21 cm
336 _2rdacontent
_atext
337 _2rdamedia
_aunmediated
338 _2rdacarrier
_avolume
490 1 _aHeinemann Guided Readers Series
650 1 0 _aReaders
830 0 _aHeinemann Guided Readers Series
942 _ddc
_cB
999 _c40373
_d40373